Ship construction (Record no. 5638)

000 -LEADER
fixed length control field 00497nam a2200181Ia 4500
008 - FIXED-LENGTH DATA ELEMENTS--GENERAL INFORMATION
fixed length control field 200103s 1995 ||||xx |||||||||||||| ||und||
020 ## - INTERNATIONAL STANDARD BOOK NUMBER
International Standard Book Number 9780750618427
082 ## - DEWEY DECIMAL CLASSIFICATION NUMBER
Classification number 623.82
Item number EYR
100 ## - MAIN ENTRY--PERSONAL NAME
Personal name Eyres, D. J.
245 #0 - TITLE STATEMENT
Title Ship construction
250 ## - EDITION STATEMENT
Edition statement 4th ed.
260 ## - PUBLICATION, DISTRIBUTION, ETC. (IMPRINT)
Name of publisher, distributor, etc NEWNES : An imprint of Butterworth-Heinemann Ltd.
Date of publication, distribution, etc 1995
Place of publication, distribution, etc Oxford
300 ## - PHYSICAL DESCRIPTION
Extent vi, 340p.
650 ## - SUBJECT ADDED ENTRY--TOPICAL TERM
Topical term or geographic name as entry element Introduction to shipbuilding
650 ## - SUBJECT ADDED ENTRY--TOPICAL TERM
Topical term or geographic name as entry element Ship structure
650 ## - SUBJECT ADDED ENTRY--TOPICAL TERM
Topical term or geographic name as entry element Shipyard practice
942 ## - ADDED ENTRY ELEMENTS (KOHA)
Item type Books
Holdings
Withdrawn status Lost status Source of classification or shelving scheme Damaged status Not for loan Collection code Permanent location Current location Shelving location Date acquired Full call number Barcode Date last seen Koha item type Public note Total Checkouts Total Renewals Date last borrowed
          Non-fiction IMU-MPC Library IMU-MPC Library General Stacks 2020-01-08 623.82 EYR MPC3705 2025-03-17 Books Column - 15      
          Non-fiction IMU-MPC Library IMU-MPC Library General Stacks 2020-01-08 623.82 EYR MPC3706 2025-03-17 Books Column - 15 1 2 2023-12-26
Copyright © 2021 Indian Maritime University, Mumbai Port Campus. All Rights Reserved. Managed & Maintained by Central Library, IMU-Mumbai

webs counters

Powered by Koha